عرض عادي
عرض مارك
- Hartston, Heidi.
مدخل إسم شخص
001 - رقم الضبط
- حقل الضبط: 19877
003 - معرف رقم الضبط
- حقل الضبط: OSt
005 - تاريخ ووقت أخر عملية
- حقل الضبط: 20130127123124.0
008 - عناصر بيانات ثابتة الطول
- حقل تحكم ثابت الطول: 130127|||a|||||| | ||| d
040 ## - مصدر الفهرسة
- هيئة الفهرسة الأصلية: OSt
- وكالة الكتابة: OSt
100 ## - مدخل -- أسم شخص
- إسم شخص: Hartston, Heidi.
670 ## - بيانات المصدر موجوده
- الاستشهاد بالمصدر: Work cat.: (OSt)0: Leifer, Gloria. 19872, Growth and development across the lifespan :, c2004.
